000 00943nam a2200265 i 4500
001 186944
003 SpMaBN
005 20230906222758.0
008 170306s1958 sp a |||| | spa d
080 _a75(420)(091)
100 1 _aDigeon, Aurélien.
_944796
245 1 3 _aLa escuela inglesa de pintura
_b: precedido de La "manera inglesa" en pintura por Henri Lemaitre /
_cAurelien Digeon ; traducción de Elisabeth Mulder.
260 _aMadrid ;
_aBarcelona :
_bGarriga,
_c[1958]
300 _a137 p. :
_bil. col. ;
_c24 cm.
490 1 _aColección "Pictura" ;
_v5
500 _aÍndice.
599 _aCon lám. col. adheridas.
650 7 _aPintura británica-
_vHistoria.
_9161968
700 1 _aLemaître, Henri.
_971456
700 1 _aMulder, Elisabeth.
_984098
740 4 2 _aLa "manera inglesa" en pintura.
830 0 _aColección "Pictura" ;
_v5
_9192706
852 _aES-MaACL
_jL-31187
_z- enc. tela
999 _c186944
_d186944